000 00586nam a2200241Ia 4500
003 OSt
005 20220924140412.0
006 a|||||r|||| 00| 0
007 ta
008 220923b |||||||| |||| 00| 0 ben d
020 _c16
024 _a294944
037 _cTextual
040 _aARTS
_cARTS
_bben
041 _2ben
_aben
082 _aO157,3M76:g, K7
100 _aBandopadhyay
_9196155
245 0 _aSarat chetana
260 _c1967
650 _aBENGALI LITERATURE
942 _hO157,3M76:g, K7
_cTEXL
_2CC
999 _c444122
_d444122